[Event "St Jean op"]
[Site "St Jean sur Richelieu"]
[Date "2008.06.14"]
[Round "3"]
[White "Gaspariants, Vladimir"]
[Black "Schomers, Philippe"]
[Result "1-0"]
[WhiteElo "2274"]
[BlackElo "1882"]
[PlyCount "47"]
[EventDate "2008.06.13"]
[EventType "swiss"]
[EventRounds "5"]
[EventCountry "CAN"]
[SourceTitle "EXT 2011"]
[Source "ChessBase"]
[SourceDate "2010.11.26"]
[SourceVersion "1"]
[SourceVersionDate "2010.11.26"]
[SourceQuality "1"]

1. e4 d6 2. d4 Nf6 3. Nc3 Nbd7 4. g3 e5 5. Nge2 c6 6. Bg2 Be7 7. 0-0 h5 8. h3 b5 9. a3 Bb7 10. f4 a6 11. Be3 Qc7 12. Qe1 0-0-0 13. Qf2 exf4 14. gxf4 Nh7 15. e5 g5 16. exd6 Qxd6 17. Ne4 Qg6 18. f5 Qg7 19. Nc5 Nxc5 20. dxc5 Bf6 21. c3 Rhe8 22. Ng3 Be5 23. f6 Bxg3 24. Qf5+ 1-0

[Event "St Jean op"]
[Site "St Jean sur Richelieu"]
[Date "2008.06.13"]
[Round "1"]
[White "Gaspariants, Vladimir"]
[Black "Giroux, Robert"]
[Result "1-0"]
[WhiteElo "2274"]
[BlackElo "1979"]
[PlyCount "103"]
[EventDate "2008.06.13"]
[EventType "swiss"]
[EventRounds "5"]
[EventCountry "CAN"]
[SourceTitle "EXT 2011"]
[Source "ChessBase"]
[SourceDate "2010.11.26"]
[SourceVersion "1"]
[SourceVersionDate "2010.11.26"]
[SourceQuality "1"]

1. e4 c5 2. Nf3 g6 3. g3 Nc6 4. Bg2 Bg7 5. 0-0 d6 6. d3 Nf6 7. Nc3 0-0 8. h3 Ne8 9. Kh2 Rb8 10. Bg5 f6 11. Be3 e5 12. Nh4 Nc7 13. Qd2 Kh8 14. Rae1 Nd4 15. f4 f5 16. exf5 Nxf5 17. Nxf5 gxf5 18. fxe5 Bxe5 19. d4 cxd4 20. Bxd4 Qf6 21. Bxe5 dxe5 22. Qe3 f4 23. Qxe5 Qxe5 24. Rxe5 fxg3+ 25. Kxg3 Rxf1 26. Bxf1 Be6 27. Rg5 Rf8 28. Bd3 b6 29. h4 Rf7 30. h5 h6 31. Rg6 Rg7 32. Kf4 Rxg6 33. Bxg6 Nd5+ 34. Nxd5 Bxd5 35. Ke5 Bg8 36. Kf6 Bxa2 37. b3 a5 38. Bd3 Bb1 39. Ke5 b5 40. Kd4 a4 41. b4 a3 42. Kc3 Ba2 43. Bxb5 Kh7 44. Be2 Bd5 45. b5 Kg7 46. b6 Kf6 47. Ba6 Kg5 48. b7 Bxb7 49. Bxb7 a2 50. Kb2 a1Q+ 51. Kxa1 Kxh5 52. c4 1-0

[Event "St Jean op"]
[Site "St Jean sur Richelieu"]
[Date "2006.06.24"]
[Round "4"]
[White "Sauve, Richard"]
[Black "Gaspariants, Vladimir"]
[Result "0-1"]
[WhiteElo "2050"]
[BlackElo "2228"]
[PlyCount "46"]
[EventDate "2006.06.23"]
[EventType "swiss"]
[EventRounds "6"]
[EventCountry "CAN"]
[SourceTitle "CBM 113 Extra"]
[Source "ChessBase"]
[SourceDate "2006.09.14"]
[SourceVersion "1"]
[SourceVersionDate "2006.09.14"]
[SourceQuality "1"]

1. d4 Nf6 2. c4 e6 3. Nc3 d5 4. cxd5 exd5 5. Bg5 Be7 6. e3 c6 7. Bd3 Nbd7 8. Nge2 0-0 9. Qc2 Re8 10. 0-0 Nf8 11. Rab1 Ne4 12. Bxe7 Qxe7 13. Bxe4 dxe4 14. d5 Ng6 15. dxc6 bxc6 16. b4 Bg4 17. Na4 Nh4 18. Nd4 Qg5 19. Rfc1 Nxg2 20. Qc5 Re5 21. Qxc6 Rae8 22. Rc5 Bd7 23. Rxe5 Rxe5 0-1

[Event "Quebec-ch qual Quebec"]
[Site "Quebec"]
[Date "2006.05.14"]
[Round "4"]
[White "Gaspariants, Vladimir"]
[Black "Audet Bouchard, Nicolas"]
[Result "0-1"]
[WhiteElo "2192"]
[BlackElo "2266"]
[PlyCount "121"]
[EventDate "2006.05.12"]
[EventType "swiss"]
[EventRounds "5"]
[EventCountry "CAN"]
[SourceTitle "EXT 2022"]
[Source "ChessBase"]
[SourceDate "2021.10.06"]
[SourceVersion "1"]
[SourceVersionDate "2021.10.06"]
[SourceQuality "1"]

1. e4 e5 2. f4 Bc5 3. Nf3 d6 4. Nc3 Nc6 5. d3 Nf6 6. Na4 Bg4 7. Nxc5 dxc5 8. Be2 Qe7 9. 0-0 h6 10. Bd2 Bxf3 11. Bxf3 0-0-0 12. Qe1 Nd4 13. Bd1 exf4 14. Bxf4 Kb8 15. Qg3 Ne6 16. Be5 Nd7 17. Bc3 h5 18. Rf5 h4 19. Qf2 f6 20. Rh5 g5 21. Rxh8 Rxh8 22. Bg4 Nf4 23. Bxd7 Qxd7 24. Bxf6 Rf8 25. e5 h3 26. Bxg5 Ne6 27. Bf6 hxg2 28. Re1 Ng5 29. Qxg2 Nh3+ 30. Kh1 Qe6 31. Re3 Nf4 32. Qf3 Nd5 33. Re4 Rg8 34. c4 Nb4 35. Rh4 b6 36. a3 Nc2 37. Qd5 Qe8 38. Qxg8 Qxg8 39. Rh8 Qxh8 40. Bxh8 Nd4 41. h4 Kc8 42. h5 Ne6 43. h6 Kd7 44. Bg7 Ng5 45. Kg2 Ke6 46. Kg3 Kf5 47. Bf6 Nh7 48. Kf3 c6 49. Ke3 Kg6 50. Ke4 Nf8 51. Be7 Ne6 52. h7 Kxh7 53. Kf5 Ng7+ 54. Kf6 Kg8 55. Bd6 Nh5+ 56. Ke7 Kg7 57. e6 Kg6 58. Kd8 Ng7 59. Kd7 Kf6 60. e7 Kf7 61. Bb8 0-1

[Event "Quebec Montcalm op 2nd"]
[Site "Quebec"]
[Date "2005.??.??"]
[Round "4"]
[White "Berube, Antoine"]
[Black "Gaspariants, Vladimir"]
[Result "0-1"]
[WhiteElo "2107"]
[BlackElo "2254"]
[PlyCount "144"]
[EventDate "2005.11.10"]
[EventType "swiss"]
[EventRounds "5"]
[EventCountry "CAN"]
[SourceTitle "EXT 2007"]
[Source "ChessBase"]
[SourceDate "2006.11.23"]
[SourceVersion "1"]
[SourceVersionDate "2006.11.23"]
[SourceQuality "1"]

1. e4 e5 2. Nf3 Nc6 3. Bb5 a6 4. Ba4 Nf6 5. 0-0 Be7 6. Re1 b5 7. Bb3 d6 8. c3 0-0 9. h3 Na5 10. Bc2 c5 11. d4 Qc7 12. Nbd2 Nc6 13. d5 Nd8 14. Nf1 Ne8 15. a4 Rb8 16. axb5 axb5 17. b4 c4 18. Be3 g6 19. N3h2 f5 20. exf5 gxf5 21. f4 e4 22. Bd4 Bf6 23. Ne3 Qg7 24. Ra7 Rf7 25. Rxf7 Nxf7 26. Nhf1 Bxd4 27. Qxd4 Qxd4 28. cxd4 Ra8 29. g4 Nf6 30. Ng3 fxg4 31. hxg4 Nxg4 32. Nxe4 Nxe3 33. Rxe3 Ra1+ 34. Kg2 Ra2 35. Re2 Bf5 36. Kf3 Ra3+ 37. Kf2 Kg7 38. Ng5 Nxg5 39. Bxf5 Rf3+ 40. Kg2 Rxf4 41. Bd7 Rxd4 42. Bxb5 c3 43. Re7+ Kf6 44. Rc7 Rxb4 45. Bd3 Rb3 46. Bc2 Ra3 47. Kg3 Ke5 48. Kg4 h6 49. Kh5 Kxd5 50. Kxh6 Ne6 51. Rc8 Nc5 52. Bg6 Ra2 53. Bf7+ Kd4 54. Bxa2 c2 55. Bf7 c1Q+ 56. Kh7 Qh1+ 57. Kg7 Qg2+ 58. Kf8 Qg5 59. Ra8 Nd7+ 60. Ke8 Ne5 61. Ra4+ Kc5 62. Ba2 Qf6 63. Ra5+ Kb6 64. Ra3 Nc6 65. Re3 Kc7 66. Bb3 Qf4 67. Re6 Qf3 68. Ba2 Ne5 69. Re7+ Kc6 70. Be6 Qf6 71. Kd8 Ng6 72. Bd7+ Kc5 0-1

[Event "Quebec Montcalm op 1st"]
[Site "Quebec"]
[Date "2005.??.??"]
[Round "5"]
[White "Cournoyer, Dominic"]
[Black "Gaspariants, Vladimir"]
[Result "0-1"]
[WhiteElo "1590"]
[BlackElo "2307"]
[PlyCount "68"]
[EventDate "2005.09.25"]
[EventType "swiss"]
[EventRounds "5"]
[EventCountry "CAN"]
[SourceTitle "EXT 2007"]
[Source "ChessBase"]
[SourceDate "2006.11.23"]
[SourceVersion "1"]
[SourceVersionDate "2006.11.23"]
[SourceQuality "1"]

1. d4 Nf6 2. Nc3 d5 3. Bf4 e6 4. e3 Bd6 5. Bg5 Be7 6. Bd3 h6 7. Bf4 0-0 8. Nge2 a6 9. Qd2 c5 10. dxc5 Nc6 11. Nd4 Bxc5 12. Nf3 b5 13. 0-0 Qe7 14. Ne5 Bb7 15. Nxc6 Bxc6 16. h3 e5 17. Bg3 b4 18. Nd1 Ne4 19. Bxe4 dxe4 20. c3 Rfd8 21. Qe2 bxc3 22. Nxc3 Bb4 23. a3 Ba5 24. b4 Bb6 25. Nb1 Rd7 26. Nd2 Rad8 27. Nc4 Bc7 28. Rfd1 Bb5 29. Rdc1 f5 30. Qh5 f4 31. exf4 exf4 32. Bh2 Bxc4 33. Rxc4 Qe5 34. Qe2 Qxa1+ 0-1

[Event "Quebec Montcalm op 1st"]
[Site "Quebec"]
[Date "2005.??.??"]
[Round "3"]
[White "Dorion, Francois"]
[Black "Gaspariants, Vladimir"]
[Result "1-0"]
[WhiteElo "1699"]
[BlackElo "2307"]
[PlyCount "131"]
[EventDate "2005.09.25"]
[EventType "swiss"]
[EventRounds "5"]
[EventCountry "CAN"]
[SourceTitle "EXT 2007"]
[Source "ChessBase"]
[SourceDate "2006.11.23"]
[SourceVersion "1"]
[SourceVersionDate "2006.11.23"]
[SourceQuality "1"]

1. e4 e5 2. Nf3 Nc6 3. Nc3 Nf6 4. Bb5 Bb4 5. Bxc6 dxc6 6. 0-0 Bg4 7. h3 Bh5 8. Qe2 Qe7 9. a3 Bd6 10. d3 h6 11. Be3 g5 12. d4 g4 13. hxg4 Bxg4 14. Rfe1 0-0-0 15. Rad1 Rdg8 16. b4 Bh3 17. g3 Nh5 18. d5 f5 19. dxc6 Nxg3 20. cxb7+ Kb8 21. fxg3 Rxg3+ 22. Kh2 Rg2+ 23. Qxg2 Bxg2 24. Kxg2 Rg8+ 25. Kf2 f4 26. Bc1 Bc5+ 27. Ke2 Rg2+ 28. Kd3 Rg3 29. Rf1 Bd4 30. Ne2 Rh3 31. Nexd4 Qd6 32. Ke2 exd4 33. Rxd4 Qf6 34. e5 Qg6 35. Bxf4 Qxc2+ 36. Nd2 Qf5 37. Re4 Qe6 38. Be3 Rh2+ 39. Rf2 Rxf2+ 40. Bxf2 h5 41. Nf3 Qa2+ 42. Kf1 Qb1+ 43. Re1 Qd3+ 44. Kg2 Qg6+ 45. Bg3 Qc2+ 46. Kf1 Qf5 47. Kf2 Qe6 48. Nd4 Qc4 49. Re4 Qd3 50. Rf4 Qd2+ 51. Ne2 Qa2 52. Re4 Qd5 53. Re3 Qe6 54. Nf4 Qa2+ 55. Kf3 Qb1 56. e6 Qf1+ 57. Bf2 Qd1+ 58. Re2 Qh1+ 59. Ng2 Qh3+ 60. Bg3 Qg4+ 61. Kf2 Qd4+ 62. Kf1 Qf6+ 63. Kg1 Qe7 64. Bh4 Qe8 65. e7 Kxb7 66. Rd2 1-0

[Event "Quebec Montcalm op 2nd"]
[Site "Quebec"]
[Date "2005.??.??"]
[Round "5"]
[White "Gaspariants, Vladimir"]
[Black "Auger, Bertrand"]
[Result "1-0"]
[WhiteElo "2254"]
[BlackElo "1960"]
[PlyCount "71"]
[EventDate "2005.11.10"]
[EventType "swiss"]
[EventRounds "5"]
[EventCountry "CAN"]
[SourceTitle "EXT 2007"]
[Source "ChessBase"]
[SourceDate "2006.11.23"]
[SourceVersion "1"]
[SourceVersionDate "2006.11.23"]
[SourceQuality "1"]

1. e4 e6 2. d3 d5 3. Nd2 Nf6 4. Ngf3 c5 5. g3 Nc6 6. Bg2 Be7 7. 0-0 b6 8. Re1 Bb7 9. c3 Qc7 10. a3 0-0-0 11. b4 dxe4 12. dxe4 Ne5 13. Nxe5 Qxe5 14. Qb3 Rd3 15. Bf1 Rhd8 16. Bxd3 Rxd3 17. Qc4 Qxc3 18. Qxc3 Rxc3 19. e5 Nd7 20. Ne4 Rc2 21. Bf4 Bxe4 22. Rxe4 g5 23. Be3 Nxe5 24. Rxe5 Bf6 25. f4 Re2 26. Bd4 Bxe5 27. Bxe5 gxf4 28. gxf4 c4 29. b5 Rc2 30. a4 Kb7 31. Ra3 Rc1+ 32. Kg2 Rc2+ 33. Kg3 Re2 34. Rc3 Re4 35. Kf3 f5 36. Re3 1-0

[Event "Quebec Montcalm op 2nd"]
[Site "Quebec"]
[Date "2005.??.??"]
[Round "1"]
[White "Valley, Michel"]
[Black "Gaspariants, Vladimir"]
[Result "1/2-1/2"]
[WhiteElo "2021"]
[BlackElo "2254"]
[PlyCount "64"]
[EventDate "2005.11.10"]
[EventType "swiss"]
[EventRounds "5"]
[EventCountry "CAN"]
[SourceTitle "EXT 2007"]
[Source "ChessBase"]
[SourceDate "2006.11.23"]
[SourceVersion "1"]
[SourceVersionDate "2006.11.23"]
[SourceQuality "1"]

1. d4 Nf6 2. c4 d6 3. Nc3 Nbd7 4. Bg5 h6 5. Bh4 g5 6. Bg3 Nh5 7. e3 Nxg3 8. hxg3 Bg7 9. Qc2 c5 10. 0-0-0 a6 11. Nf3 Kf8 12. dxc5 dxc5 13. Nd2 b6 14. Nde4 Bb7 15. f4 gxf4 16. gxf4 Qc7 17. Be2 Nf6 18. Bf3 Nxe4 19. Bxe4 e6 20. Qd3 Bxe4 21. Qxe4 Rb8 22. Rd2 Bxc3 23. bxc3 Ke7 24. Rhd1 Rbd8 25. f5 Rxd2 26. Rxd2 Qg3 27. Rd1 Qf2 28. fxe6 fxe6 29. Qe5 Rf8 30. Rd2 Qf1+ 31. Kc2 Rf2 32. Qg7+ Ke8 1/2-1/2

[Event "Quebec City-ch"]
[Site "Quebec"]
[Date "2004.01.25"]
[Round "6"]
[White "Gaspariants, Vladimir"]
[Black "Audet Bouchard, Nicolas"]
[Result "1-0"]
[WhiteElo "2300"]
[BlackElo "2185"]
[PlyCount "47"]
[EventDate "2004.01.??"]
[EventType "tourn"]
[EventRounds "7"]
[EventCountry "CAN"]
[SourceTitle "EXT 2005"]
[Source "ChessBase"]
[SourceDate "2004.11.15"]
[SourceVersion "1"]
[SourceVersionDate "2004.11.15"]
[SourceQuality "1"]

1. e4 c5 2. Nf3 Nc6 3. Bb5 g6 4. 0-0 Bg7 5. Nc3 Nd4 6. Nxd4 cxd4 7. Ne2 Nf6 8. d3 a6 9. Ba4 b5 10. Bb3 d5 11. e5 Ng4 12. f4 f6 13. h3 Nh6 14. Nxd4 fxe5 15. fxe5 Bxe5 16. Bxh6 Bxd4+ 17. Kh1 Be6 18. c3 Bf6 19. Qe2 Qd6 20. Rae1 Kd7 21. c4 Rac8 22. cxd5 Bf7 23. Bf4 Qb4 24. Qg4+ 1-0

[Event "Quebec Montcalm op"]
[Site "Quebec"]
[Date "2002.03.01"]
[Round "1"]
[White "Gaspariants, Vladimir"]
[Black "Martineau, Michel"]
[Result "1-0"]
[WhiteElo "2311"]
[BlackElo "1815"]
[PlyCount "39"]
[EventDate "2002.03.01"]
[EventType "swiss"]
[EventRounds "5"]
[EventCountry "CAN"]
[SourceTitle "EXT 2022"]
[Source "ChessBase"]
[SourceDate "2021.10.06"]
[SourceVersion "1"]
[SourceVersionDate "2021.10.06"]
[SourceQuality "1"]

1. e4 d5 2. exd5 Nf6 3. Nc3 Nxd5 4. Bc4 Nb6 5. Bb3 Nc6 6. Nf3 Na5 7. Ne5 Nxb3 8. axb3 Nd7 9. Nc4 g6 10. d4 Bg7 11. 0-0 0-0 12. Bf4 c6 13. Re1 Re8 14. d5 cxd5 15. Nxd5 e5 16. Be3 Nf6 17. Ndb6 Rb8 18. Nxc8 Qxd1 19. Rexd1 Rexc8 20. Bxa7 1-0

[Event "CAN-ch closed"]
[Site "Montreal"]
[Date "2001.08.26"]
[Round "7"]
[White "Gaspariants, Vladimir"]
[Black "Bluvshtein, Mark"]
[Result "0-1"]
[WhiteElo "2305"]
[BlackElo "2303"]
[PlyCount "132"]
[EventDate "2001.08.21"]
[EventType "swiss"]
[EventRounds "9"]
[EventCountry "CAN"]
[SourceTitle "EXT 2002"]
[Source "ChessBase"]
[SourceDate "2001.11.25"]
[SourceVersion "1"]
[SourceVersionDate "2001.11.25"]
[SourceQuality "1"]

1. e4 c5 2. Nc3 Nc6 3. g3 g6 4. Bg2 Bg7 5. d3 e6 6. Be3 Nd4 7. Qd2 Ne7 8. Nd1 b6 9. c3 Ndc6 10. Bh6 Bxh6 11. Qxh6 Ba6 12. Nf3 Bxd3 13. Qg7 Rf8 14. Ne3 Qc7 15. Ng5 0-0-0 16. Nxf7 Rde8 17. Rd1 c4 18. Nxc4 Bxc4 19. Nd6+ Kb8 20. Nxc4 d5 21. Ne3 dxe4 22. 0-0 Nf5 23. Qxc7+ Kxc7 24. Bxe4 Nxe3 25. fxe3 Ne5 26. Rd2 Rxf1+ 27. Kxf1 Ng4 28. Re2 Rf8+ 29. Kg2 Kd6 30. h3 Ne5 31. Rd2+ Ke7 32. b3 h6 33. Rd4 Rc8 34. c4 a5 35. Kf2 g5 36. Ke2 Rc7 37. Kd1 Rc8 38. Kc2 Rf8 39. Rd2 Rf1 40. Kc3 Re1 41. Kd4 Nd7 42. Bg2 Nc5 43. g4 Kd6 44. e4 e5+ 45. Kc3+ Kc6 46. b4 Re3+ 47. Kc2 axb4 48. Kd1 Rc3 49. Rd8 Rd3+ 50. Rxd3 Nxd3 51. Kd2 Nc5 52. Kc2 Kd6 53. Kb2 Nb7 54. Bf3 Kc5 55. Bd1 Nd6 56. Bc2 Nxc4+ 57. Kb3 Nd2+ 58. Ka4 Kc4 59. Bd1 Nxe4 60. Be2+ Kc5 61. Kb3 Nc3 62. Bf1 e4 63. a3 e3 64. axb4+ Kd4 65. Ba6 e2 66. Bxe2 Nxe2 0-1

[Event "Quebec COQ op"]
[Site "Quebec"]
[Date "2001.07.21"]
[Round "1"]
[White "Gaspariants, Vladimir"]
[Black "Oral, Tomas"]
[Result "0-1"]
[WhiteElo "2305"]
[BlackElo "2540"]
[PlyCount "68"]
[EventDate "2001.07.21"]
[EventType "swiss"]
[EventRounds "9"]
[EventCountry "CAN"]
[SourceTitle "EXT 2002"]
[Source "ChessBase"]
[SourceDate "2001.11.25"]
[SourceVersion "1"]
[SourceVersionDate "2001.11.25"]
[SourceQuality "1"]

1. Nf3 c5 2. g3 Nc6 3. Bg2 e5 4. d3 g6 5. 0-0 Bg7 6. c3 Nge7 7. e4 0-0 8. Nbd2 d6 9. a3 a5 10. a4 h6 11. Ne1 Be6 12. Nc2 d5 13. exd5 Bxd5 14. Ne4 b6 15. Ne3 Be6 16. Nc4 Nd5 17. f4 exf4 18. gxf4 f5 19. Ned6 Kh8 20. Bd2 Ra7 21. Nb5 Rd7 22. Qe2 Bg8 23. Ne5 Nxe5 24. fxe5 Nc7 25. Na7 Rxd3 26. Rad1 Bb3 27. Nc6 Bxd1 28. Rxd1 Qd7 29. c4 Ne6 30. Bd5 Rxd5 31. cxd5 Qxd5 32. Qg2 Qxg2+ 33. Kxg2 Rc8 34. Ne7 Rd8 0-1

[Event "CAN-ch op"]
[Site "Sackville"]
[Date "2001.07.08"]
[Round "2"]
[White "Gaspariants, Vladimir"]
[Black "Bowerman, Robert"]
[Result "1-0"]
[WhiteElo "2305"]
[BlackElo "2070"]
[PlyCount "41"]
[EventDate "2001.07.??"]
[EventType "swiss"]
[EventRounds "10"]
[EventCountry "CAN"]
[SourceTitle "EXT 2006"]
[Source "ChessBase"]
[SourceDate "2005.11.24"]
[SourceVersion "1"]
[SourceVersionDate "2005.11.24"]
[SourceQuality "1"]

1. e4 e6 2. d3 c5 3. Nf3 Nc6 4. g3 g6 5. Bg2 Bg7 6. c3 d5 7. Nbd2 Nge7 8. 0-0 b6 9. exd5 Nxd5 10. Qa4 0-0 11. Nc4 e5 12. Re1 Re8 13. Qb3 Rb8 14. Ncxe5 Nxe5 15. Nxe5 Bb7 16. Bf4 Nxf4 17. Qxf7+ Kh8 18. Qxf4 Bxe5 19. Rxe5 Bxg2 20. Rxe8+ Qxe8 21. Kxg2 1-0

[Event "Quebec-ch KO"]
[Site "Montreal"]
[Date "2001.06.??"]
[Round "1.3"]
[White "Khassanov, Marat"]
[Black "Gaspariants, Vladimir"]
[Result "1/2-1/2"]
[WhiteElo "2363"]
[BlackElo "2305"]
[PlyCount "98"]
[EventDate "2001.06.02"]
[EventType "k.o."]
[EventRounds "3"]
[EventCountry "CAN"]
[SourceTitle "EXT 2002"]
[Source "ChessBase"]
[SourceDate "2001.11.25"]
[SourceVersion "1"]
[SourceVersionDate "2001.11.25"]
[SourceQuality "1"]

1. d4 Nf6 2. Nf3 d6 3. Bg5 Nbd7 4. Nbd2 h6 5. Bxf6 Nxf6 6. e3 g6 7. Bd3 Bg7 8. 0-0 0-0 9. c3 c6 10. a4 Qc7 11. Nc4 Nd5 12. e4 Nf4 13. e5 dxe5 14. Ncxe5 c5 15. Re1 cxd4 16. cxd4 Nxd3 17. Qxd3 Bf5 18. Qa3 Rac8 19. g4 f6 20. gxf5 fxe5 21. fxg6 Qc6 22. Nxe5 Bxe5 23. Rxe5 Rf3 24. Qxe7 Qxg6+ 25. Kh1 Rxf2 26. Rg1 Rg2 27. Qe6+ Qxe6 28. Rxg2+ Kf7 29. Rxe6 Kxe6 30. Rd2 Kd5 31. Kg2 Rc4 32. b3 Rc3 33. b4 Rb3 34. b5 Ra3 35. b6 a6 36. Rc2 Rxa4 37. Rc7 Kxd4 38. Rxb7 Kc5 39. Rh7 Kxb6 40. Rxh6+ Kc5 41. Kg3 a5 42. h4 Rd4 43. h5 a4 44. Ra6 Kb4 45. h6 a3 46. h7 Rd8 47. Kg4 Kb3 48. Kg5 a2 49. Rxa2 Kxa2 1/2-1/2